000 00317nam a22001217a 4500
008 180604b xxu||||| |||| 00| 0 eng d
041 _aeng
080 _a043.3
100 _a0
101 _aMBE-BA
245 _aImportance of merchandising in affecting retail sales, case of medo-flor
_cGjikokaj, I
942 _2udc
_cBK
999 _c46259
_d46259